Normativa electoral, estatal y autonómica
ISBN:
84-87808-54-9
Descripción Física:
1105 p. ; 25 cm
Otros Autores:
Espanya. Dirección General de Política Interior
MARC
| LEADER | 00000nam a2200000Ia 4500 | ||
|---|---|---|---|
| 001 | 18794 | ||
| 008 | 160829s1993 xx 000 0 cat d | ||
| 020 | |a 84-87808-54-9 | ||
| 080 | |a D-3-160 | ||
| 100 | |a Espanya. Lleis, etc. |9 23269 | ||
| 245 | |a Normativa electoral, estatal y autonómica | ||
| 250 | |a 2a ed. | ||
| 260 | |a Madrid : |b Ministerio del Interior. Dirección General de Política Interior, |c 1993 | ||
| 300 | |a 1105 p. ; |c 25 cm | ||
| 650 | |a Dret electoral |x Legislació |x Espanya |9 40999 | ||
| 650 | |a Dret electoral |x Legislació |x Espanya |x Comunitats autònomes |9 41000 | ||
| 700 | |a Espanya. Dirección General de Política Interior |9 46397 | ||
| 901 | |a Arxiu | ||
| 942 | |n 1 | ||
| 952 | |0 1 |1 0 |2 udc |4 0 |5 2 |6 D3160 |7 1 |9 53187 |a Arxiu |b Arxiu |d 2016-12-01 |l 0 |o D-3-160 |p 18794 |r 2016-12-01 00:00:00 |w 2016-12-01 |y ARXIU | ||
| 999 | |c 57036 |d 57036 | ||